000 00626nam a2200217 4500
001 136197
003 ES-MaACL
005 20240320062612.0
007 t|
008 070214s1944 sp r ||||1| spa d
100 1 _aSabater, Gaspar.
_9101173
245 1 0 _aAzorín
_b: o la plasticidad /
_cGaspar Sabater.
250 _a1ª. ed.
260 _aBarcelona :
_bEd. Juventud,
_c1944.
300 _a158 p. ;
_c17 cm.
490 1 _aColección para todos ;
_v25
600 0 4 _aAzorín,
_d1873-1967
_924326
830 0 _aColección para todos ;
_v25
_9219980
852 _aES-MaACL
_jG-4382
_bR.20954
999 _c136197
_d136197